Papieże spoza Włoch - Statystyki

Ogólne statystyki
  • Ten quiz został rozwiązany 69 razy
    42 od ostatniego zresetowania
  • Średni wynik to 6 z 19
Statystyki odpowiedzi
Rok wybrania Kraj Imię papieskie + numer % Poprawnych
1978 Polska Jan Paweł II
92%
2005 Niemcy Benedykt XVI
89%
2013 Argentyna Franciszek
89%
2025 Stany Zjednoczone Leon XIV
83%
30 Galilea Piotr
61%
685 Syria Jan V
31%
701 Grecja Jan VI
31%
705 Grecja Jan VII
31%
996 Francja Grzegorz V
25%
731 Syria Grzegorz III
19%
1046 Niemcy Klemens II
19%
1049 Niemcy Leon IX
19%
867 Grecja ( urodzony we Włoszech lecz z pochodzenia Grek ) Hadrian II
14%
1522 Holandia Hadrian VI
14%
884 Niemcy Hadrian III
11%
999 Niemcy Sylwester II
11%
1055 Niemcy Wiktor II
6%
1048 Niemcy Damazy II
0%
741 Grecja Zachariasz
0%
Nie znaleziono quizów pasujących do podanych kryteriów
Rozkład punktacji
Procent ludzi z każdym wynikiem
Percentyl według liczby udzielonych odpowiedzi
Twoja historia wyników
Nie rozwiązałeś tego quizu od ostatniego zresetowania